| 000 | 00488nam a2200181Ia 4500 | ||
|---|---|---|---|
| 008 | 230524s9999 xx 000 0 und d | ||
| 020 | _a8120321863 | ||
| 082 |
_a510.33 _bVIJ |
||
| 100 | _aS.Rajasekaran | ||
| 245 | 0 | _a"Neural Networks, Fuzzy Logic and Genetic Algorithms : Synthesis and Applications" | |
| 250 | _a1st | ||
| 260 |
_aNEW DELHI _bPHI _c2005 |
||
| 300 | _aXIV;429 | ||
| 500 | _aQuantity Number: 227 | ||
| 650 | _aComp-Sc | ||
| 700 | _aVijayalakshmi Pai | ||
| 942 | _cBK | ||
| 999 |
_c34426 _d34426 |
||